| 000 | 00656nam a22002177a 4500 | ||
|---|---|---|---|
| 003 | BUBTL | ||
| 008 | 180522b xxu||||| |||| 00| 0 eng d | ||
| 020 | _a978-0-07-067881-1 | ||
| 082 |
_a515.35 _bBRD |
||
| 100 |
_91877 _aBronson, Richard |
||
| 245 |
_aDifferential Equations _cBronson, Richard/Gabriel B Costa |
||
| 250 | _a3rd | ||
| 260 |
_aNew Delhi _bTata Mc Graw Hill _c2011 |
||
| 300 |
_a[xvi] . 35.6p . : _bTable ; 24cm . _cMathematics . |
||
| 500 | _aIncludes Index . | ||
| 650 | 0 |
_9124 _aMathematics |
|
| 700 |
_91879 _a Richard Bronson/Gabriel B Costa |
||
| 856 |
_k0 _l0 _yDownload |
||
| 942 |
_2ddc _cBK |
||
| 999 |
_c5727 _d5727 |
||